| 000 | 01156nam a22003377a 4500 | ||
|---|---|---|---|
| 003 | CHAP | ||
| 005 | 20220817044405.0 | ||
| 008 | 101103s1982 mx r 00010 spa d | ||
| 010 | _a99657 | ||
| 011 | _a100629 | ||
| 035 | _a111315 | ||
| 040 | _cCHAP | ||
| 090 | _aFolleto 17824 | ||
| 100 | 0 | 0 |
_aCorrea Coss, Alfonso. _928215 |
| 245 | 1 | 0 |
_aDeterminación de los precios de garantía para los productos del campo _c/por Alfonso Correa Coss |
| 260 |
_aMéxico, D. F. : _bSARH. Dirección General de Economía Agrícola, _c1982 |
||
| 300 |
_a27 p. : _bcuadros |
||
| 590 |
_aBATCH-UPD _b10 _c20130110 _lUCH01 _h1249 |
||
| 590 |
_aBATCH-UPD _b10 _c20130410 _lUCH01 _h0812 |
||
| 590 |
_aBATCH-UPD _b10 _c20130914 _lUCH01 _h1050 |
||
| 590 |
_aCONVERSION _b10 _c20130109 _lUCH01 _h1355 |
||
| 650 | 1 | 4 |
_aAgricultura _xAspectos económicos. |
| 650 | 1 | 4 |
_aPolítica de precios. _990480 |
| 650 | 1 | 4 |
_aPrecios de garantía. _991350 |
| 650 | 1 | 4 |
_aProductos agrícolas _xMercadeo. _991951 |
| 650 | 1 | 4 |
_aProductos agrícolas _xPrecios. _992004 |
| 901 | _aBK | ||
| 911 | _aen proceso | ||
| 942 | _cFOLL | ||
| 949 |
_aFolleto 17824 _bBC _cFOLL _d33724002120785 _eTS1 _i111315 _sb |
||
| 999 |
_c99657 _d99657 |
||